000 00487nab a2200145Ia 4500
003 ES-SlBCS
005 20210601150142.0
008 140529s1997 xxu||||| |||| 00| 0 spa d
041 _aspa
100 1 _aSquella, Agustín
_9216742
245 0 0 _aDerecha e Izquierda: la igualdad hace la diferencia. Anotaciones en torno a Norberto Bobbio
_c Agustín Squella
600 1 4 _aBobbio, Norberto
_d, 1909-2004
_9130615
773 0 _tSistema
_gnº. 139, 1997, págs. 101-112
_wRev1363
942 _cAR
999 _c736228
_d736228